000
00388nam a22001217a 4500
040
_c
SY
082
_a
631
100
_a
អ៊ឺម ឈួន
245
_a
លំនាំនៃការវិភាគដីជាធម្មតាក្នុងធរណីសាស្រ្ត
260
_a
នាយកនៅអ៊ឺនរ៉ា
_b
អ៊ឺម
_c
1989
300
_a
204p.
942
_c
KB
999
_c
9361
_d
9361